[Event "SVK-chT2B 1314"]
[Site "Slovakia"]
[Date "2014.03.16"]
[Round "11.2"]
[White "Rybansky, Daniel"]
[Black "Domany, Zsofia"]
[Result "1/2-1/2"]
[WhiteElo "2275"]
[BlackElo "2177"]
[PlyCount "139"]
[EventDate "2013.10.19"]
[EventType "team-tourn"]
[EventRounds "11"]
[EventCountry "SVK"]
[SourceTitle "EXT 2015"]
[Source "ChessBase"]
[SourceDate "2014.11.20"]
[SourceVersion "1"]
[SourceVersionDate "2014.11.20"]
[SourceQuality "1"]
[WhiteTeam "Topolcany"]
[BlackTeam "Batorove Kosihy"]
[WhiteTeamCountry "SVK"]
[BlackTeamCountry "SVK"]

1. c4 e5 2. Nc3 Bb4 3. Nd5 Be7 4. g3 c6 5. Nxe7 Nxe7 6. Bg2 d5 7. cxd5 cxd5 8. Nf3 Nbc6 9. d3 0-0 10. 0-0 h6 11. Bd2 Be6 12. Qa4 b5 13. Qxb5 e4 14. Ne1 Nd4 15. Qc5 Nxe2+ 16. Kh1 Nf5 17. Bb4 Qf6 18. Qc2 Nfd4 19. Qd2 Rfe8 20. Bc5 Bg4 21. dxe4 dxe4 22. h3 Bh5 23. Bxd4 Nxd4 24. g4 Bxg4 25. hxg4 Qh4+ 26. Kg1 Rad8 27. Qe3 Qxg4 28. Kh2 Re5 29. Bh3 Rh5 30. Rg1 Nf3+ 31. Qxf3 Qxg1+ 32. Kxg1 exf3 33. Kh2 Rd2 34. Kg3 Rxb2 35. Nxf3 Ra5 36. a4 Rb4 37. Bd7 f5 38. Re1 Rg4+ 39. Kh3 Re4 40. Rxe4 fxe4 41. Nd2 Re5 42. Nc4 Re7 43. Bc6 g5 44. Ne3 Kh7 45. Bd5 Kg6 46. Bc4 h5 47. a5 Re8 48. a6 Kf6 49. Bd5 Ke5 50. Bb7 Rd8 51. Kg2 Rd4 52. Kg3 Rd3 53. Kg2 h4 54. Ba8 Rd4 55. Bc6 Rd8 56. Bb7 Rf8 57. Bc6 Kd4 58. Ng4 Rf4 59. Bd7 Kc5 60. Bc8 Kd6 61. Ne3 Rf8 62. Bg4 Ke5 63. Bd7 Rd8 64. Bc6 Kd4 65. Bb7 Kd3 66. Ng4 Re8 67. Bc6 Re6 68. Bd7 Rd6 69. Bc8 Kd4 70. Bb7 1/2-1/2

[Event "SVK-chT2B 1314"]
[Site "Slovakia"]
[Date "2013.10.19"]
[Round "1.2"]
[White "Gazik, Igor"]
[Black "Rybansky, Daniel"]
[Result "1/2-1/2"]
[WhiteElo "2321"]
[BlackElo "2275"]
[PlyCount "113"]
[EventDate "2013.10.19"]
[EventType "team-tourn"]
[EventRounds "11"]
[EventCountry "SVK"]
[SourceTitle "EXT 2015"]
[Source "ChessBase"]
[SourceDate "2014.11.20"]
[SourceVersion "1"]
[SourceVersionDate "2014.11.20"]
[SourceQuality "1"]
[WhiteTeam "Bojnice"]
[BlackTeam "Topolcany"]
[WhiteTeamCountry "SVK"]
[BlackTeamCountry "SVK"]

1. e4 e5 2. Nf3 Nc6 3. Bc4 Nf6 4. d3 Bc5 5. 0-0 d6 6. c3 Bb6 7. b4 h6 8. Nbd2 0-0 9. h3 Ne7 10. Bb3 Be6 11. Nc4 Bxc4 12. Bxc4 Ng6 13. Re1 Re8 14. a4 a6 15. a5 Ba7 16. Nh2 d5 17. exd5 Nxd5 18. Qf3 c6 19. Ng4 Re7 20. Bd2 Qd6 21. Rad1 Rd8 22. g3 Qe6 23. h4 f5 24. Nh2 Rf7 25. h5 Nf8 26. Kh1 Qd6 27. Qe2 Re8 28. Nf3 Bb8 29. d4 e4 30. Ne5 Rfe7 31. f4 exf3 32. Qxf3 Nd7 33. Nxd7 Qxd7 34. Rxe7 Rxe7 35. Re1 Rxe1+ 36. Bxe1 Kh8 37. Bd2 Nf6 38. Bd3 Ne4 39. Be1 Bc7 40. Kg2 Qe6 41. Bf2 Bd6 42. Qe3 Qf7 43. g4 Nxc3 44. Bxf5 Nd5 45. Qe4 Bxb4 46. Qe5 Qf8 47. Bg3 Bxa5 48. Qe6 Qe7 49. Qc8+ Qd8 50. Bh4 Qxc8 51. Bxc8 b5 52. Bxa6 Bb6 53. Bb7 Bxd4 54. Bxc6 Nc3 55. Be7 Kg8 56. Bb4 Kf7 57. Bxc3 1/2-1/2

[Event "SVK-chT2B 1213"]
[Site "Slovakia"]
[Date "2013.02.17"]
[Round "9.2"]
[White "Kaniansky, Miroslav"]
[Black "Rybansky, Daniel"]
[Result "1/2-1/2"]
[WhiteElo "2209"]
[BlackElo "2280"]
[PlyCount "27"]
[EventDate "2012.10.13"]
[EventType "team-tourn"]
[EventRounds "11"]
[EventCountry "SVK"]
[SourceTitle "EXT 2015"]
[Source "ChessBase"]
[SourceDate "2014.11.20"]
[SourceVersion "1"]
[SourceVersionDate "2014.11.20"]
[SourceQuality "1"]
[WhiteTeam "Prievidza II"]
[BlackTeam "Topolcany"]
[WhiteTeamCountry "SVK"]
[BlackTeamCountry "SVK"]

1. d4 d5 2. Nf3 c6 3. Bf4 Nf6 4. e3 Bf5 5. Nbd2 e6 6. Be2 h6 7. Ne5 Nbd7 8. 0-0 Nxe5 9. Bxe5 Bd6 10. Nf3 0-0 11. c4 Bxe5 12. Nxe5 Nd7 13. Nxd7 Qxd7 14. Rc1 1/2-1/2

[Event "SVK-chT2D 0910"]
[Site "Slovakia"]
[Date "2010.02.06"]
[Round "8.4"]
[White "Juhar, Roman"]
[Black "Rybansky, Daniel"]
[Result "1/2-1/2"]
[WhiteElo "2169"]
[BlackElo "2284"]
[PlyCount "27"]
[EventDate "2009.10.10"]
[EventType "team"]
[EventRounds "11"]
[EventCountry "SVK"]
[SourceTitle "EXT 2011"]
[Source "ChessBase"]
[SourceDate "2010.11.26"]
[SourceVersion "1"]
[SourceVersionDate "2010.11.26"]
[SourceQuality "1"]
[WhiteTeam "Kosice Slavia IV"]
[BlackTeam "Sabinov II"]
[WhiteTeamCountry "SVK"]
[BlackTeamCountry "SVK"]

1. e4 d5 2. Nc3 dxe4 3. Nxe4 Nd7 4. Bc4 e6 5. Nf3 Ngf6 6. d3 Be7 7. 0-0 0-0 8. Re1 Re8 9. Bf4 Nd5 10. Bg3 a6 11. a4 b6 12. d4 Bb7 13. c3 h6 14. Ne5 1/2-1/2

[Event "SVK-chT2D 0910"]
[Site "Slovakia"]
[Date "2009.11.07"]
[Round "3.3"]
[White "Rybansky, Daniel"]
[Black "Manik, Mikulas"]
[Result "1/2-1/2"]
[WhiteElo "2284"]
[BlackElo "2426"]
[PlyCount "80"]
[EventDate "2009.10.10"]
[EventType "team"]
[EventRounds "11"]
[EventCountry "SVK"]
[SourceTitle "EXT 2011"]
[Source "ChessBase"]
[SourceDate "2010.11.26"]
[SourceVersion "1"]
[SourceVersionDate "2010.11.26"]
[SourceQuality "1"]
[WhiteTeam "Sabinov II"]
[BlackTeam "Prakovce"]
[WhiteTeamCountry "SVK"]
[BlackTeamCountry "SVK"]

1. d4 Nf6 2. c4 e6 3. Nf3 d5 4. Nc3 Bb4 5. e3 0-0 6. a3 Bxc3+ 7. bxc3 c5 8. Bd3 Qc7 9. Qc2 dxc4 10. Bxc4 b6 11. Qd3 Bb7 12. 0-0 Nc6 13. Ba2 Rad8 14. Bb2 Qb8 15. Rfd1 Ba6 16. Bc4 Bxc4 17. Qxc4 Na5 18. Qd3 Qb7 19. Nd2 e5 20. Qf5 exd4 21. cxd4 Qd7 22. Qg5 Qb5 23. Rab1 h6 24. Qg3 cxd4 25. Bxd4 Qg5 26. Qf3 Rd6 27. Rbc1 Re8 28. h3 Red8 29. Rc7 R6d7 30. Rxd7 Rxd7 31. Rc1 Kh7 32. Ne4 Nxe4 33. Qxe4+ f5 34. Qc2 Qg6 35. Qc8 Qf7 36. Qc2 Nb3 37. Rd1 Rc7 38. Qb1 Nc5 39. Qb2 Rd7 40. Qb1 Rd5 1/2-1/2

[Event "SVK-chT1E 0910"]
[Site "Slovakia"]
[Date "2009.10.18"]
[Round "2.3"]
[White "Rybansky, Daniel"]
[Black "Pejko, Otomar"]
[Result "0-1"]
[WhiteElo "2284"]
[BlackElo "2164"]
[PlyCount "64"]
[EventDate "2009.10.17"]
[EventType "team"]
[EventRounds "11"]
[EventCountry "SVK"]
[SourceTitle "EXT 2011"]
[Source "ChessBase"]
[SourceDate "2010.11.26"]
[SourceVersion "1"]
[SourceVersionDate "2010.11.26"]
[SourceQuality "1"]
[WhiteTeam "Sabinov"]
[BlackTeam "Kosice Slavia II"]
[WhiteTeamCountry "SVK"]
[BlackTeamCountry "SVK"]

1. c4 e5 2. Nc3 Nc6 3. g3 d6 4. Bg2 Be6 5. d3 Qd7 6. e3 g6 7. Nd5 Nd8 8. Nf3 c6 9. Nc3 Bh3 10. Bxh3 Qxh3 11. Qe2 Bg7 12. d4 Ne7 13. b3 exd4 14. exd4 0-0 15. Be3 Ne6 16. 0-0-0 b5 17. cxb5 Rfc8 18. bxc6 Rxc6 19. Kb2 Rac8 20. Rc1 Qh5 21. Rhd1 Qa5 22. Qb5 Qc7 23. Qd3 Qb7 24. Nd2 Nf5 25. Ne2 Nc5 26. Qb1 Qa6 27. Nc4 d5 28. Nc3 dxc4 29. dxc5 cxb3 30. axb3 Nxe3 31. fxe3 Rxc5 32. Rd3 Qa5 0-1

[Event "SVK-chT1E 0809"]
[Site "Slovakia"]
[Date "2009.03.07"]
[Round "10.1"]
[White "Papanetz, Peter"]
[Black "Rybansky, Daniel"]
[Result "1/2-1/2"]
[WhiteElo "2271"]
[BlackElo "2286"]
[PlyCount "38"]
[EventDate "2008.10.18"]
[EventType "team-tourn"]
[EventRounds "11"]
[EventCountry "SVK"]
[SourceTitle "EXT 2010"]
[Source "ChessBase"]
[SourceDate "2010.11.25"]
[SourceVersion "1"]
[SourceVersionDate "2010.11.25"]
[SourceQuality "1"]
[WhiteTeam "Filakovo"]
[BlackTeam "Sabinov"]
[WhiteTeamCountry "SVK"]
[BlackTeamCountry "SVK"]

1. e4 c5 2. c3 d5 3. exd5 Qxd5 4. d4 Nf6 5. dxc5 Qxc5 6. Na3 a6 7. Nc4 Nbd7 8. Nf3 b5 9. Ne3 Bb7 10. Be2 g6 11. a4 bxa4 12. Rxa4 Bg7 13. Qb3 0-0 14. 0-0 Rfb8 15. Qa3 Qxa3 16. Rxa3 a5 17. Nc4 a4 18. Bf4 Rc8 19. Nfd2 Nd5 1/2-1/2

[Event "SVK-chT2D 0809"]
[Site "Slovakia"]
[Date "2009.02.28"]
[Round "10.5"]
[White "Rybansky, Daniel"]
[Black "Davidovic, Miroslav"]
[Result "1-0"]
[WhiteElo "2286"]
[BlackElo "2026"]
[PlyCount "61"]
[EventDate "2008.10.11"]
[EventType "team-tourn"]
[EventRounds "11"]
[EventCountry "SVK"]
[SourceTitle "EXT 2010"]
[Source "ChessBase"]
[SourceDate "2010.11.25"]
[SourceVersion "1"]
[SourceVersionDate "2010.11.25"]
[SourceQuality "1"]
[WhiteTeam "Sabinov II"]
[BlackTeam "Kosice Akademik"]
[WhiteTeamCountry "SVK"]
[BlackTeamCountry "SVK"]

1. e4 c5 2. Nf3 d6 3. d4 cxd4 4. Nxd4 Nf6 5. Nc3 a6 6. Bg5 e6 7. f4 Be7 8. Qf3 Qc7 9. 0-0-0 b5 10. Bxf6 gxf6 11. f5 b4 12. Nb1 e5 13. Ne2 Bb7 14. Nd2 Nd7 15. Ng3 Rc8 16. Bd3 d5 17. exd5 Nb6 18. Kb1 Nxd5 19. Be4 Nf4 20. Bxb7 Qxc2+ 21. Ka1 Nd3 22. Nc4 Rxc4 23. Qxd3 0-0 24. Qxc2 Rxc2 25. Kb1 Rc7 26. Bxa6 Ra8 27. Bd3 b3 28. axb3 Rca7 29. Ne4 Ra1+ 30. Kc2 Rc8+ 31. Bc4 1-0

[Event "SVK-chT1E 0809"]
[Site "Slovakia"]
[Date "2009.02.08"]
[Round "9.6"]
[White "Svana, Peter"]
[Black "Rybansky, Daniel"]
[Result "1-0"]
[WhiteElo "2186"]
[BlackElo "2286"]
[PlyCount "65"]
[EventDate "2008.10.18"]
[EventType "team-tourn"]
[EventRounds "11"]
[EventCountry "SVK"]
[SourceTitle "EXT 2010"]
[Source "ChessBase"]
[SourceDate "2010.11.25"]
[SourceVersion "1"]
[SourceVersionDate "2010.11.25"]
[SourceQuality "1"]
[WhiteTeam "Zilina Mladost"]
[BlackTeam "Sabinov"]
[WhiteTeamCountry "SVK"]
[BlackTeamCountry "SVK"]

1. e4 e5 2. Nf3 Nc6 3. Bb5 a6 4. Ba4 Nf6 5. 0-0 b5 6. Bb3 Be7 7. d3 d6 8. a4 Be6 9. Bxe6 fxe6 10. Ng5 Qc8 11. axb5 Nd8 12. bxa6 h6 13. Nf3 Rxa6 14. Rxa6 Qxa6 15. Nc3 c5 16. Bd2 0-0 17. Qa1 Qb7 18. Qa2 Kf7 19. Ra1 Nc6 20. Ne2 Rb8 21. b3 Bd8 22. Ng3 Nd7 23. h3 Qc7 24. Qb1 Rb7 25. Qd1 Nf6 26. Nh2 Ra7 27. Rc1 Kg8 28. Ng4 Kh7 29. Nf1 Qd7 30. Nfe3 Ng8 31. Nc4 Nf6 32. Be3 Ra8 33. Nxf6+ 1-0

[Event "SVK-chT2D 0809"]
[Site "Slovakia"]
[Date "2009.01.10"]
[Round "7.2"]
[White "Rybansky, Daniel"]
[Black "Fedorko, Stefan"]
[Result "1-0"]
[WhiteElo "2286"]
[BlackElo "2153"]
[PlyCount "101"]
[EventDate "2008.10.11"]
[EventType "team-tourn"]
[EventRounds "11"]
[EventCountry "SVK"]
[SourceTitle "EXT 2010"]
[Source "ChessBase"]
[SourceDate "2010.11.25"]
[SourceVersion "1"]
[SourceVersionDate "2010.11.25"]
[SourceQuality "1"]
[WhiteTeam "Sabinov II"]
[BlackTeam "Kosice Slavia UPJS IV"]
[WhiteTeamCountry "SVK"]
[BlackTeamCountry "SVK"]

1. c4 Nf6 2. Nc3 g6 3. e4 d6 4. d4 Bg7 5. f3 0-0 6. Be3 b6 7. Qd2 c5 8. Nge2 Nc6 9. d5 Ne5 10. Ng3 a6 11. f4 Ned7 12. a4 Qc7 13. Be2 Rb8 14. 0-0 Rb7 15. Rad1 Nb8 16. h3 Bd7 17. b3 Ne8 18. Bd3 b5 19. axb5 Qa5 20. e5 dxe5 21. Bxc5 exf4 22. b4 Qc7 23. b6 Rxb6 24. Nge2 e5 25. Bxb6 Qxb6+ 26. c5 Qxb4 27. c6 Qc5+ 28. Kh1 Nxc6 29. dxc6 Bxc6 30. Be4 Nf6 31. Bxc6 Qxc6 32. Nd5 Re8 33. Nxf6+ Qxf6 34. Nc3 Qh4 35. Qd7 Kf8 36. Ne4 Qe7 37. Qc6 f5 38. Rd7 Qe6 39. Rd6 Qe7 40. Nc5 e4 41. Re6 Qd8 42. Rxe8+ Qxe8 43. Ne6+ Kf7 44. Qxe8+ Kxe8 45. Nxg7+ Kf7 46. Nxf5 gxf5 47. Rxf4 Ke6 48. Rh4 Ke5 49. Kg1 e3 50. Kf1 f4 51. Rxh7 1-0

[Event "SVK-chT1E 0809"]
[Site "Slovakia"]
[Date "2008.11.22"]
[Round "3.2"]
[White "Rybansky, Daniel"]
[Black "Marek, Stanislav"]
[Result "1/2-1/2"]
[WhiteElo "2286"]
[BlackElo "2255"]
[PlyCount "66"]
[EventDate "2008.10.18"]
[EventType "team-tourn"]
[EventRounds "11"]
[EventCountry "SVK"]
[SourceTitle "EXT 2010"]
[Source "ChessBase"]
[SourceDate "2010.11.25"]
[SourceVersion "1"]
[SourceVersionDate "2010.11.25"]
[SourceQuality "1"]
[WhiteTeam "Sabinov"]
[BlackTeam "Presov Tatran"]
[WhiteTeamCountry "SVK"]
[BlackTeamCountry "SVK"]

1. d4 Nf6 2. c4 e6 3. Nf3 b6 4. g3 Ba6 5. b3 Bb4+ 6. Bd2 Be7 7. Bg2 c6 8. Bc3 d5 9. Ne5 Nfd7 10. Nxd7 Nxd7 11. Nd2 Rc8 12. 0-0 0-0 13. e4 c5 14. exd5 exd5 15. dxc5 dxc4 16. c6 cxb3 17. Re1 b2 18. Bxb2 Nc5 19. Qg4 Bf6 20. Bxf6 Qxf6 21. Ne4 Qxc6 22. Nc3 Qd6 23. Rad1 Nd3 24. Qa4 Rxc3 25. Qxa6 Ra3 26. Qb7 Qf6 27. Re2 Nc5 28. Qc7 Ne6 29. Qd6 Ra5 30. Bd5 Nd4 31. Rxd4 Qxd6 32. Bxf7+ Rxf7 33. Rxd6 g6 1/2-1/2

[Event "SVK-chT1E 0809"]
[Site "Slovakia"]
[Date "2008.10.18"]
[Round "1.3"]
[White "Rybansky, Daniel"]
[Black "Rogos, Jan Jr"]
[Result "0-1"]
[WhiteElo "2286"]
[BlackElo "2128"]
[PlyCount "114"]
[EventDate "2008.10.18"]
[EventType "team-tourn"]
[EventRounds "11"]
[EventCountry "SVK"]
[SourceTitle "EXT 2010"]
[Source "ChessBase"]
[SourceDate "2010.11.25"]
[SourceVersion "1"]
[SourceVersionDate "2010.11.25"]
[SourceQuality "1"]
[WhiteTeam "Sabinov"]
[BlackTeam "Svit SO"]
[WhiteTeamCountry "SVK"]
[BlackTeamCountry "SVK"]

1. d4 Nf6 2. c4 c5 3. d5 e6 4. Nf3 exd5 5. cxd5 d6 6. Nc3 g6 7. e4 Bg7 8. Be2 0-0 9. 0-0 Re8 10. Nd2 Na6 11. Re1 Nc7 12. Qc2 Rb8 13. a4 Na6 14. Nc4 Nb4 15. Qb1 a6 16. Bf4 Bf8 17. a5 Bg4 18. f3 Nh5 19. Be3 Bc8 20. g4 Ng7 21. Qc1 f5 22. h3 fxg4 23. hxg4 Qe7 24. Bf4 Qf6 25. Kg2 Nc2 26. g5 Nxe1+ 27. Kf1 Qd8 28. Kxe1 Be7 29. Qd2 Rf8 30. Be3 Qe8 31. Kd1 Qd8 32. Kc2 Bd7 33. Nb6 Nh5 34. Rg1 Qe8 35. f4 Ng7 36. Rh1 Bb5 37. Nxb5 axb5 38. Kc1 Bd8 39. Bf3 Bxb6 40. axb6 Ra8 41. Kb1 Ra4 42. Qh2 Nh5 43. e5 Qa8 44. Kc2 Ra2 45. Bxh5 Qa4+ 46. Kc1 Ra1+ 47. Kd2 Qb4+ 48. Ke2 Rxh1 49. Qxh1 Qxb2+ 50. Bd2 gxh5 51. Qxh5 Qc2 52. e6 Rxf4 53. Qe8+ Kg7 54. Qe7+ Kg6 55. Qe8+ Kxg5 56. Ke1 Qb1+ 57. Ke2 Qf1+ 0-1

[Event "SVK-chT1E 0708"]
[Site "Slovakia"]
[Date "2007.11.11"]
[Round "4.4"]
[White "Rybansky, Daniel"]
[Black "Pejko, Otomar"]
[Result "1/2-1/2"]
[WhiteElo "2292"]
[BlackElo "2212"]
[PlyCount "57"]
[EventDate "2007.10.13"]
[EventType "team-swiss"]
[EventRounds "11"]
[EventCountry "SVK"]
[SourceTitle "EXT 2009"]
[Source "ChessBase"]
[SourceDate "2008.11.26"]
[SourceVersion "1"]
[SourceVersionDate "2008.11.26"]
[SourceQuality "1"]
[WhiteTeam "Sabinov"]
[BlackTeam "Kosice Slavia UPJS II"]
[WhiteTeamCountry "SVK"]
[BlackTeamCountry "SVK"]

1. e4 e5 2. Nf3 d6 3. Bc4 Bg4 4. c3 c6 5. d4 Qc7 6. 0-0 Nf6 7. Re1 Be7 8. Nbd2 0-0 9. Nf1 exd4 10. cxd4 d5 11. exd5 cxd5 12. Bb3 Nc6 13. Be3 Bb4 14. N1d2 Bxf3 15. gxf3 Rad8 16. a3 Ba5 17. Bc2 Bb6 18. Nf1 Nh5 19. Ng3 Nf4 20. b4 Ne6 21. Rc1 Qb8 22. Qd3 g6 23. Ne2 f5 24. f4 Bc7 25. b5 Na5 26. Bb1 Nc4 27. Rxc4 dxc4 28. Qxc4 Rd6 29. d5 1/2-1/2

[Event "SVK-chT1E 0708"]
[Site "Slovakia"]
[Date "2007.11.10"]
[Round "3.3"]
[White "Rybansky, Daniel"]
[Black "Fedorko, Stefan"]
[Result "1/2-1/2"]
[WhiteElo "2292"]
[BlackElo "2150"]
[PlyCount "33"]
[EventDate "2007.10.13"]
[EventType "team-swiss"]
[EventRounds "11"]
[EventCountry "SVK"]
[SourceTitle "EXT 2009"]
[Source "ChessBase"]
[SourceDate "2008.11.26"]
[SourceVersion "1"]
[SourceVersionDate "2008.11.26"]
[SourceQuality "1"]
[WhiteTeam "Sabinov"]
[BlackTeam "Kosice Slavia UPJS III"]
[WhiteTeamCountry "SVK"]
[BlackTeamCountry "SVK"]

1. e4 e5 2. Nf3 Nf6 3. Nc3 Bb4 4. Bc4 0-0 5. 0-0 d6 6. d3 Bg4 7. Bg5 Nbd7 8. h3 Be6 9. Nd5 Ba5 10. Bb3 Bxd5 11. Bxd5 h6 12. Bxf6 Nxf6 13. Bb3 Bb6 14. Re1 g6 15. d4 Qe7 16. c3 Kg7 17. g3 1/2-1/2

[Event "SVK-chT2D 0607"]
[Site "Slovakia"]
[Date "2006.12.17"]
[Round "6.5"]
[White "Rybansky, Daniel"]
[Black "Molnar, Peter"]
[Result "1/2-1/2"]
[WhiteElo "2288"]
[BlackElo "2353"]
[PlyCount "32"]
[EventDate "2006.10.14"]
[EventType "team-tourn"]
[EventRounds "11"]
[EventCountry "SVK"]
[SourceTitle "EXT 2008"]
[Source "ChessBase"]
[SourceDate "2007.11.25"]
[SourceVersion "1"]
[SourceVersionDate "2007.11.25"]
[SourceQuality "1"]
[WhiteTeam "Sabinov"]
[BlackTeam "Kosice Akademik"]
[WhiteTeamCountry "SVK"]
[BlackTeamCountry "SVK"]

1. d4 Nf6 2. c4 c5 3. d5 e6 4. Nc3 exd5 5. cxd5 d6 6. e4 g6 7. Bg5 Bg7 8. Bd3 h6 9. Bh4 0-0 10. a4 Re8 11. Nge2 Nbd7 12. 0-0 a6 13. b3 g5 14. Bg3 Ne5 15. f3 Bd7 16. Rb1 Qa5 1/2-1/2

[Event "SVK-chT2D 0607"]
[Site "Slovakia"]
[Date "2006.11.26"]
[Round "4.2"]
[White "Korytko, Peter"]
[Black "Rybansky, Daniel"]
[Result "1/2-1/2"]
[WhiteElo "2114"]
[BlackElo "2288"]
[PlyCount "94"]
[EventDate "2006.10.14"]
[EventType "team-tourn"]
[EventRounds "11"]
[EventCountry "SVK"]
[SourceTitle "EXT 2008"]
[Source "ChessBase"]
[SourceDate "2007.11.25"]
[SourceVersion "1"]
[SourceVersionDate "2007.11.25"]
[SourceQuality "1"]
[WhiteTeam "Margecany OSK II"]
[BlackTeam "Sabinov"]
[WhiteTeamCountry "SVK"]
[BlackTeamCountry "SVK"]

1. e4 e5 2. Bc4 Nf6 3. Nc3 Nc6 4. d3 Bc5 5. Bg5 h6 6. Bh4 d6 7. Nd5 g5 8. Bg3 Nxd5 9. Bxd5 Ne7 10. Bb3 Ng6 11. c3 Qe7 12. Qd2 Be6 13. Ba4+ Kf8 14. 0-0-0 Bb6 15. Kb1 Rd8 16. Ne2 d5 17. Qc2 Kg7 18. f3 c6 19. Rhe1 f6 20. Bb3 Qf7 21. exd5 cxd5 22. d4 Bc7 23. Qd2 b5 24. Bc2 Rhe8 25. Qd3 a6 26. dxe5 fxe5 27. Nd4 Bd7 28. Nb3 Bc8 29. Qxg6+ Qxg6 30. Bxg6 Kxg6 31. Kc1 h5 32. h4 g4 33. Nd4 Bb7 34. fxg4 hxg4 35. Nb3 Bd6 36. Na5 Ba8 37. Rf1 Rf8 38. Nb3 Rxf1 39. Rxf1 Re8 40. Kd2 d4 41. Nxd4 Bxg2 42. Rf2 exd4 43. Bxd6 dxc3+ 44. Kxc3 Bf3 45. Kd4 Kf5 46. h5 Re6 47. Bg3 Kg5 1/2-1/2

[Event "SVK-chT2D 0506"]
[Site "Slovakia"]
[Date "2005.11.27"]
[Round "4.1"]
[White "Rybansky, Daniel"]
[Black "Pejko, Otomar"]
[Result "1/2-1/2"]
[WhiteElo "2260"]
[BlackElo "2228"]
[PlyCount "29"]
[EventDate "2005.10.22"]
[EventType "team-tourn"]
[EventRounds "11"]
[EventCountry "SVK"]
[SourceTitle "EXT 2009"]
[Source "ChessBase"]
[SourceDate "2008.11.26"]
[SourceVersion "1"]
[SourceVersionDate "2008.11.26"]
[SourceQuality "1"]

1. c4 Nf6 2. Nc3 c5 3. g3 e6 4. e3 d5 5. cxd5 Nxd5 6. Bg2 Nb4 7. Nf3 Qd3 8. Ne5 Nc2+ 9. Qxc2 Qxc2 10. Be4 Qxe4 11. Nxe4 f6 12. Nc4 Kd7 13. d3 b6 14. Ke2 Bb7 15. f3 1/2-1/2

[Event "SVK-chT 0405"]
[Site "Slovakia"]
[Date "2005.04.09"]
[Round "10"]
[White "Rybansky, Daniel"]
[Black "Harasta, Vladimir"]
[Result "1/2-1/2"]
[WhiteElo "2260"]
[BlackElo "2155"]
[PlyCount "53"]
[EventDate "2004.11.13"]
[EventType "team-tourn"]
[EventRounds "11"]
[EventCountry "SVK"]
[SourceTitle "EXT 2019"]
[Source "ChessBase"]
[SourceDate "2018.10.10"]
[SourceVersion "1"]
[SourceVersionDate "2018.10.10"]
[SourceQuality "1"]
[WhiteTeam "Presov Tatran"]
[BlackTeam "Bratislava Slovan II"]
[WhiteTeamCountry "SVK"]
[BlackTeamCountry "SVK"]

1. c4 c6 2. Nc3 d5 3. d4 e6 4. Nf3 dxc4 5. a4 Bb4 6. e3 b5 7. Ne5 Nf6 8. Be2 Bb7 9. 0-0 a6 10. f4 Nbd7 11. Bf3 Qb6 12. Bd2 Be7 13. Be1 0-0 14. a5 Qc7 15. Bg3 Rad8 16. f5 Nxe5 17. Bxe5 Qc8 18. Bxf6 gxf6 19. Be4 c5 20. d5 exd5 21. Bxd5 b4 22. Qh5 bxc3 23. Bxb7 Qxb7 24. Rf3 cxb2 25. Raf1 b1Q 26. Qxh7+ Kxh7 27. Rh3+ 1/2-1/2

[Event "SVK-chT 0405"]
[Site "Slovakia"]
[Date "2005.03.13"]
[Round "9"]
[White "Rybansky, Daniel"]
[Black "Balogh, Marian"]
[Result "1-0"]
[WhiteElo "2260"]
[BlackElo "2256"]
[PlyCount "51"]
[EventDate "2004.11.13"]
[EventType "team-tourn"]
[EventRounds "11"]
[EventCountry "SVK"]
[SourceTitle "EXT 2019"]
[Source "ChessBase"]
[SourceDate "2018.10.10"]
[SourceVersion "1"]
[SourceVersionDate "2018.10.10"]
[SourceQuality "1"]
[WhiteTeam "Presov Tatran"]
[BlackTeam "Nove Zamky Basta"]
[WhiteTeamCountry "SVK"]
[BlackTeamCountry "SVK"]

1. c4 c5 2. Nc3 g6 3. g3 Bg7 4. Bg2 Nc6 5. e3 e5 6. Nge2 Nge7 7. 0-0 0-0 8. d3 d6 9. Rb1 Be6 10. Nd5 Qd7 11. Re1 Bh3 12. b3 Bxg2 13. Kxg2 Nxd5 14. cxd5 Ne7 15. e4 f5 16. f4 Rf7 17. Be3 b6 18. Qd2 Raf8 19. Rf1 g5 20. fxe5 dxe5 21. Bxg5 Ng6 22. Bh6 f4 23. Bxg7 f3+ 24. Rxf3 Rxf3 25. Bxf8 Qf7 26. Ng1 1-0

[Event "SVK-chT 0405"]
[Site "Slovakia"]
[Date "2004.11.14"]
[Round "2"]
[White "Jablonicky, Frantisek"]
[Black "Rybansky, Daniel"]
[Result "1/2-1/2"]
[WhiteElo "2181"]
[BlackElo "2260"]
[PlyCount "41"]
[EventDate "2004.11.13"]
[EventType "team-tourn"]
[EventRounds "11"]
[EventCountry "SVK"]
[SourceTitle "EXT 2019"]
[Source "ChessBase"]
[SourceDate "2018.10.10"]
[SourceVersion "1"]
[SourceVersionDate "2018.10.10"]
[SourceQuality "1"]
[WhiteTeam "Hlohovec"]
[BlackTeam "Presov Tatran"]
[WhiteTeamCountry "SVK"]
[BlackTeamCountry "SVK"]

1. Nf3 c5 2. c4 Nc6 3. d4 cxd4 4. Nxd4 e5 5. Nc2 Nf6 6. Nc3 Be7 7. g3 d6 8. Bg2 Be6 9. b3 Qd7 10. Nd5 0-0 11. 0-0 Bh3 12. Nxf6+ Bxf6 13. Bxh3 Qxh3 14. Qxd6 Rad8 15. Qc5 e4 16. Rb1 Ne5 17. Ne3 b6 18. Qb5 Rd3 19. Bb2 Rxe3 20. Bxe5 Bxe5 21. fxe3 1/2-1/2

[Event "SVK-chT 0304"]
[Site "Slovakia"]
[Date "2004.03.07"]
[Round "11"]
[White "Lipka, Juraj"]
[Black "Rybansky, Daniel"]
[Result "1/2-1/2"]
[WhiteElo "2417"]
[BlackElo "2249"]
[PlyCount "92"]
[EventDate "2003.10.25"]
[EventType "team-tourn"]
[EventRounds "11"]
[EventCountry "SVK"]
[SourceTitle "EXT 2019"]
[Source "ChessBase"]
[SourceDate "2018.10.10"]
[SourceVersion "1"]
[SourceVersionDate "2018.10.10"]
[SourceQuality "1"]
[WhiteTeam "Komarno"]
[BlackTeam "Presov Tatran"]
[WhiteTeamCountry "SVK"]
[BlackTeamCountry "SVK"]

1. e4 e5 2. Nf3 Nc6 3. Bb5 d6 4. d4 exd4 5. Nxd4 Bd7 6. Nc3 g6 7. 0-0 Bg7 8. Nf3 Nf6 9. Bxc6 Bxc6 10. e5 dxe5 11. Nxe5 Bd5 12. Bg5 Be6 13. Qf3 0-0 14. Ne4 Bf5 15. Nxf6+ Bxf6 16. Bxf6 Qxf6 17. Nd7 Qxb2 18. Nxf8 Rxf8 19. Qb3 Qxb3 20. cxb3 Rc8 21. b4 Kf8 22. Rac1 Be6 23. Rc3 a6 24. Rfc1 c6 25. a3 Rd8 26. f3 Rd2 27. R1c2 Rd1+ 28. Kf2 Ra1 29. Ke3 Ke7 30. Rd2 Bd5 31. Kf4 h6 32. Re2+ Be6 33. g4 Rd1 34. h4 Rg1 35. Re5 Kf6 36. Rd3 Ra1 37. Ree3 Ke7 38. Rd2 Rh1 39. Kg3 Rg1+ 40. Rg2 Rc1 41. Rge2 Rg1+ 42. Kh2 Ra1 43. Kg2 Rc1 44. f4 Kf6 45. g5+ hxg5 46. fxg5+ Ke7 1/2-1/2